| 000 | 01038cam a22003254a 4500 | ||
|---|---|---|---|
| 001 | 3964 | ||
| 003 | FISKH | ||
| 005 | 20240712081851.0 | ||
| 008 | 060616s2005 nyua j 001 0 eng | ||
| 010 | _a 2006277821 | ||
| 020 | _a0439801834 | ||
| 020 | _a9780439801836 | ||
| 040 |
_aDLC _cDLC _beng |
||
| 050 | 0 | 0 |
_aQL737.C27 _bB4524 2005 |
| 082 | _a599.78 | ||
| 100 | 1 | _aBerger, Melvin. | |
| 245 | 1 | 0 |
_aGrowl! : _ba book about bears / _cby Melvin & Gilda Berger. |
| 260 |
_aNew York : _bScholastic, _c2005. |
||
| 300 |
_a40 pages : _bcolor illustrations ; _c23 cm |
||
| 490 | 0 | _aBerger science readers | |
| 505 | _aJ | ||
| 520 | _aA simple explanation of what bears look like, how they hunt, what they eat, how they sleep during the winter, and how their cubs are born and raised. | ||
| 521 | 8 |
_a480
_bLexile |
|
| 521 | 8 |
_aJ
_bRaz-Plus |
|
| 650 | 0 |
_aBears _xJuvenile literature. |
|
| 700 | 1 |
_aBerger, Gilda. _eAuthor |
|
| 906 |
_a7 _bcbc _corignew _d2 _encip _f20 _gy-gencatlg |
||
| 942 |
_2ddc _cBK _n0 |
||
| 999 |
_c3964 _d3964 |
||